01057cam a2200229 a 450000100100000000500170001000800410002704000230006808200170009110000300010824000900013824501260022826000430035430000210039750400320041853401130045065000650056370000300062891000340065895201200069299900150081200000309920200929150329.0750211s1978 ag b 001 f spa  aDO-SdBNPcDLCdDLC a813.44bK65r1 aKlinkowitz, Jerome.9807810aLiterary disruptions. The marking of a post-comtemporary american fiction.lEspañol10aRurturas literaturas :bla novela norteamericana "postcontemporánea" /cJerome Klinkowitz; traducción, Aníbal Leal. aBuenos Aires :bDistribuidora ,c1978. a221 p. ;c20 cm. aBibliografía [p. 211-221] aTítulo de la obra en Inglés:tLiterary disruptions. The marking of a post-comtemporary american fiction. 4aNovela américanay20th centuryxHistoria y crítica997731 aLeal, Aníbaletr.94573 aCatalogación por copia / LC 001052708MOaGRbGRcCTd2009-07-06iLF1l0o813.44 K65rp3099-10r2020-06-25w2020-06-25y2ZPréstamo interno c2930d2930